000 00433nam a2200169Ia 4500
003 GCL
008 140319s9999 xx 000 0 eng d
040 _aGCL /
_cGCL
082 0 4 _a530
_bG F
100 1 _aGAMBHIR, R. S.
245 1 0 _aFOUNDATIONS OF PHYSICS /
_cGAMBHIR, R. S.
700 1 _aBANERJEE, D.
700 1 _aDURGAPAL, M. C.
260 _a[S.N] :
_bWILEY EASTERN LIMITED ،
_c1992
650 0 4 _aPHYSICS
942 _2ddc
_cBK
999 _c20148
_d20148